| 000 | 00000nam##2200000za#4500 |
| 001 | 9.618690 |
| 003 | CaOODSP |
| 005 | 20210615103007 |
| 007 | ta |
| 008 | 150406|2007||||xxc||||| f|0| 0 eng|d |
| 022 | |a0706-6457 |
| 040 | |aCaOODSP|beng |
| 043 | |an-cn--- |
| 086 | 1 |aFs97-6/2774E |
| 110 | 1 |aCanada. |bDepartment of Fisheries and Oceans. |
| 245 | 10|aEcologically and biologically significant areas of the Scotian shelf and environs: a compilation of scientific expert opinion / |cby P. Doherty and T. Horsman. |
| 260 | |aDartmouth - Nova Scotia : |bFisheries and Oceans Canada |c2007. |
| 300 | |axi, 57p. : |bmaps, references, tables ; |c28 cm. |
| 490 | 1 |aCanadian technical report of fisheries and aquatic sciences|x0706-6457|v2774 |
| 500 | |a"Oceans and Habitat Branch, Maritimes Region, Fisheries and Oceans Canada, Bedford Institute of Oceanography, PO Box 1006, Dartmouth, Nova Scotia, B2Y 4A2." |
| 520 | 3 |aThis is part of a series of compendiums of recent broadcasting decisions, public notices, notices of public hearing, circulars, and news releases published by the Commission. An independent agency responsible for regulating Canada’s broadcasting and telecommunications systems, the Commission reports to Parliament through the Minister of Canadian Heritage. |
| 546 | |a(Résumé en français.) |
| 563 | |aSpiral binding |
| 590 | |a08-08|b2008-02-22 |
| 690 | 07|aAquatic ecosystems|2gcpds |
| 690 | 07|aAtlantic provinces|2gcpds |
| 720 | 1 |aDoherty, P. |
| 720 | 1 |aHorsman, T. L. |
| 776 | 0#|tEcologically and biologically significant areas of the Scotian shelf and environs : |w(CaOODSP)9.574381 |
| 830 | #0|aCanadian technical report of fisheries and aquatic sciences,|x0706-6457|v2774|w(CaOODSP)9.514691 |